Movies Quiz

Random Movies or Letter Quiz

Last 25 Years: 'G' Movies Quiz Stats

 Plays Quiz Updated Jan 1, 2019

Challenge
Share
Tweet
Score 0/25 Timer 08:00
2 Plays Today
% Correct
Green Lantern
93.8%
Gladiator
93.5%
Godzilla
90.9%
Gravity
90.8%
Good Will Hunting
87%
The Green Mile
86.7%
The Grand Budapest Hotel
78%
Gran Torino
73.7%
Grown Ups
71.4%
The Girl with the Dragon Tattoo
70.7%
The Good Dinosaur
68.5%
Gangs of New York
66.6%
GoldenEye
52.2%
% Correct
Girl with a Pearl Earring
51.9%
Game Night
49.3%
Garden State
46.7%
Good Night, and Good Luck.
37.3%
Get Out
35.6%
Ghostbusters
27.3%
Gone Baby Gone
23.8%
Gone
19.6%
Gosford Park
17.1%
The Good Shepherd
13.8%
The Ghost and the Darkness
12.2%
The Getaway
9.4%

You're not logged in!

Compare scores with friends on all Sporcle quizzes.
OR
Log In

You Might Also Like...

Show Comments

Extras

Top Quizzes Today


Score Distribution

Your Account Isn't Verified!

In order to create a playlist on Sporcle, you need to verify the email address you used during registration. Go to your Sporcle Settings to finish the process.

Report this User

Report this user for behavior that violates our Community Guidelines.

Details: